Examination of the quaility of the services at Balneo Hotel Zsori Thermal & Wellness ****

Bibliographic Details
Main Author: Kiss Kinga
Other Authors: Fábián Tamás
Format: Thesis
Kulcsszavak:Spa
thermal bath
Guest satisfaction
health tourism
Wellness services
Online Access:http://dolgozattar.uni-bge.hu/11090

MARC

LEADER 00000nta a2200000 i 4500
001 dolg11090
005 20190416140548.0
008 170511suuuu hu om 000 eng d
040 |a BGE Dolgozattár Repozitórium  |b hun 
041 |a en 
100 1 |a Kiss Kinga 
245 1 0 |a Examination of the quaility of the services at Balneo Hotel Zsori Thermal & Wellness ****  |c Kiss Kinga  |h [elektronikus dokumentum] 
246 1 1 |a Examination of the quaility of the services at Balneo Hotel Zsori Thermal & Wellness **** 
695 |a Spa 
695 |a thermal bath 
695 |a Guest satisfaction 
695 |a health tourism 
695 |a Wellness services 
700 1 |a Fábián Tamás  |e ths 
856 4 0 |u http://dolgozattar.uni-bge.hu/11090/1/Disstertation%20Kiss%20Kinga%20NQBV6J.pdf  |z Dokumentum-elérés